Statistics for Animals that Start with I

Click here to take the quiz!

General Stats

  • This quiz has been taken 875 times
  • The average score is 3 of 5

Answer Stats

HintAnswer% Correct
Green, tropical lizardIguana
95%
Six legged bugsInsect
85%
A medium sized African antelopeImpala
56%
A long-legged wading birdIbis
54%
Wild goat that lives in the European AlpsIbex
52%

Score Distribution

Percentile by Number Answered

Percent of People with Each Score

Your Score History

You have not taken this quiz